| 000 | 01531nam a22002177a 4500 | ||
|---|---|---|---|
| 005 | 20220420104800.0 | ||
| 008 | 220418b ||||| |||| 00| 0 eng d | ||
| 020 | _a9789389136586 | ||
| 040 | _cAL | ||
| 041 | _aeng | ||
| 082 |
_223 _a820.33 _bBHYB |
||
| 100 |
_aBhyrappa S L _930327 |
||
| 245 | _aBrink | ||
| 260 |
_aNew Delhi _bNiyogi Books _c2020 |
||
| 300 |
_a419p, _bPB _c21x14cm. |
||
| 365 |
_2General _a6320 _b₹464.10 _c₹ _d₹595.00 _e22% _f08/03/2022 |
||
| 520 | _aThe English translation of the epic Kannada novel anchu by the renowned author S.L. Bhyrappa, brink is a love saga between somashekhar, a br>Widower, and Amrita, an estranged woman. The novel deliberates on the moral, philosophical, and physical aspects of love between a man and a woman. At the core of the story is compassion, and somashekhar is the very personification of compassion. He brings love and warmth into Dr Amrita’s melancholic life. But time and again, she loses her temper and undergoes Swift mood changes. In such times, she inflicts pain and torture on somashekhar in spite of his sincere love for her. Will somashekhar be able to help her overcome depression by his perseverance and sacrifice? An enthralling read, the novel has stood the test of time like Bhyrappa’s other novels. Packed with internal drama, tension, and flashbacks, the book promises to impart an aesthetic experience to the reader. Read less | ||
| 650 |
_2Literature _aEnglish Literature _930328 |
||
| 700 |
_aPrasad, Ranganath R _930329 |
||
| 942 |
_2ddc _cBK |
||
| 999 |
_c222468 _d222468 |
||